00321nam a22000977a 4500008004100000082001600041100001700057245009700074260004400171300000800215230620b xxu||||| |||| 00| 0 eng d a324.96bKIV cS.M. KIVUITU aElection Handbookbfor Political Parties and Candidates on Parliamentary and Civic Elections aNairobibFriedrich Ebert Stiftungc2001 a44p